| 000 -LEADER |
| fixed length control field |
03104cam a2200277 a 4500 |
| 001 - CONTROL NUMBER |
| control field |
14123743 |
| 005 - DATE AND TIME OF LATEST TRANSACTION |
| control field |
20221227103456.0 |
| 008 - FIXED-LENGTH DATA ELEMENTS--GENERAL INFORMATION |
| fixed length control field |
050928s2006 nyu b 001 0 eng |
| 010 ## - LIBRARY OF CONGRESS CONTROL NUMBER |
| LC control number |
2005043460 |
| 020 ## - INTERNATIONAL STANDARD BOOK NUMBER |
| International Standard Book Number |
0670034576 |
| 040 ## - CATALOGING SOURCE |
| Original cataloging agency |
DLC |
| Transcribing agency |
DLC |
| Modifying agency |
DLC |
| 050 00 - LIBRARY OF CONGRESS CALL NUMBER |
| Classification number |
BJ1581.2 |
| Item number |
.G694 2005 |
| 082 00 - DEWEY DECIMAL CLASSIFICATION NUMBER |
| Classification number |
355.GRE |
| Edition number |
22 |
| 100 1# - MAIN ENTRY--PERSONAL NAME |
| Personal name |
Greene, Robert. |
| 9 (RLIN) |
89094 |
| 245 14 - TITLE STATEMENT |
| Title |
The 33 strategies of war / |
| Statement of responsibility, etc. |
Robert Greene. |
| 246 3# - VARYING FORM OF TITLE |
| Title proper/short title |
Thirty-three strategies of war |
| 260 ## - PUBLICATION, DISTRIBUTION, ETC. |
| Place of publication, distribution, etc. |
New York : |
| Name of publisher, distributor, etc. |
Viking, |
| Date of publication, distribution, etc. |
2006. |
| 300 ## - PHYSICAL DESCRIPTION |
| Extent |
xxii, 471 p. ; |
| Dimensions |
25 cm. |
| 505 ## - FORMATTED CONTENTS NOTE |
| Formatted contents note |
Part I: Self-Directed Warfare, 1: Declare War On Your Enemies: Polarity (Page-3), Do Not Fight The Last War: Guerilla-War-Of-The-Mind (Page-15), Amidst The Turmoil Of Events, Do Not Lose Your Presence Of Mind: Counterbalance (Page-27), Create A Sense Of Urgency And Desperation: Death-Ground (Page-41), Organizational Warfare, Avoid The Snares Of Groupthink: Command-And-Control (Page-55), Segment Your Forces: Controlled-Chaos (Page-69), Transform Your War Into A Crusade: Morale (Page-79), Defensive Warfare, Pick Your Battles Carefully: Perfect-Economy (Page-97), Turn The Tables: Counterattack (Page-109), Create A Threatening Presence: Deterrence (Page-123), Trade Space For Time: No Engagement (Page-137), Part Iv: Offensive Rfare , Lose Battles, But Win The War: Grand Strategy (Page-147), Know Your Enemy: Intelligence (Page-165), Overwhelm Resistance With Speed And Suddenness: Blitzkrieg (Page-179), Control The Dynamic: Forcing (Page-187), Hit Them Where It Hurts: Center-Of-Gravity (Page-203), Defeat Them In Detail: Divide And Conquer (Page-213), Expose And Attack Your Opponent's Soft Flank: Turning (Page-229), Envelop The Enemy: Annihilation (Page-243), Maneuver Them Into Weakness: Ripening For The Sickle (Page-253), Negotiate While Advancing: Diplomatic War (Page-271), Know How To End Things: Exit Strategy (Page-283), Part V: Unconventional Warfare, Weave A Seamless Blend Of Fact And Fiction: Misperception (Page-299), Take The Line Of Least Expectation: Ordinary-Extraordinary (Page-313), Occupy The Moral High Ground: Righteousness (Page-331), Deny Them Targets: The Void (Page-343), Seem To Work For The Interests Of Others While Furthering Your Own: Alliance (Page-355), Give Your Rivals Enough Rope To Hang Themselves: One-Upmanship (Page-369), Take Small Bites: Fait Accompli (Page-383), Penetrate Their Minds: Communication (Page-393), Destroy From Within: The Inner Front (Page-407), Dominate While Seeming To Submit: Passive-Aggression (Page-419), Sow Uncertainty And Panic Through Acts Of Terror: Chain Reaction (Page-435). |
| 650 #0 - SUBJECT ADDED ENTRY--TOPICAL TERM |
| Topical term or geographic name entry element |
Conduct of life. |
| 856 42 - ELECTRONIC LOCATION AND ACCESS |
| Materials specified |
Contributor biographical information |
| Uniform Resource Identifier |
<a href="http://www.loc.gov/catdir/enhancements/fy0719/2005043460-b.html">http://www.loc.gov/catdir/enhancements/fy0719/2005043460-b.html</a> |
| 856 42 - ELECTRONIC LOCATION AND ACCESS |
| Materials specified |
Publisher description |
| Uniform Resource Identifier |
<a href="http://www.loc.gov/catdir/enhancements/fy0719/2005043460-d.html">http://www.loc.gov/catdir/enhancements/fy0719/2005043460-d.html</a> |
| 906 ## - LOCAL DATA ELEMENT F, LDF (RLIN) |
| a |
7 |
| b |
cbc |
| c |
orignew |
| d |
1 |
| e |
ocip |
| f |
20 |
| g |
y-gencatlg |
| 942 ## - ADDED ENTRY ELEMENTS (KOHA) |
| Source of classification or shelving scheme |
|
| Koha item type |
Book |
| Call number prefix |
355.GRE |